Questions sur des émissions de télévision française - Statistiques

Statistiques générales
  • Ce quiz a été pris 265 fois
  • Le résultat moyen est 34 sur 45
Statistiques - réponses
Question Tuile Select % Correct
Sélectionne les célébrité qui ont été jugé à The Voice(Kids) en France Adeline Toniutti Non
95%
Sélectionne les juges de danse avec les stars Chris Marques Oui
94%
Sélectionne les juges de danse avec les stars Billy Crowford Non
93%
Sélectionne les juges de danse avec les stars Jean Marc Généreux Oui
93%
Sélectionne les juges de danse avec les stars Tayc Non
93%
Sélectionne les célébrité qui ont été jugé à The Voice(Kids) en France Vincent Niclo Non
93%
Sélectionne les juges de danse avec les stars Elsa Bois Non
92%
Sélectionne les juges de danse avec les stars Emmanuel Moire Non
91%
Sélectionne les juges de Mask singer Michou Non
91%
Sélectionne les gagnant de Danse avec les stars Inès Reg Non
90%
Sélectionne les juges de Mask singer Kev Adams Oui
90%
Sélectionne les juges de Mask singer Virginie Efira Non
90%
Sélectionne les juges de Mask singer Laurent Delahousse Non
88%
Sélectionne les célébrité qui ont été jugé à The Voice(Kids) en France Soprano Oui
88%
Sélectionne les juges de Mask singer Vincent Desagnat Non
86%
Sélectionne les célébrité qui ont été jugé à The Voice(Kids) en France Chimène Badi Non
84%
Sélectionne les juges de Mask singer Chantal Ladesou Oui
83%
Sélectionne les gagnant de Danse avec les stars Amel Bent Non
82%
Sélectionne les gagnant de Danse avec les stars Matt Pokora Oui
82%
Sélectionne les gagnant de Danse avec les stars Philippe Candeloro Non
82%
Sélectionne les juges de Mask singer Jarry Oui
81%
Sélectionne les célébrité qui ont été jugé à The Voice(Kids) en France Christophe Willem Non
78%
Sélectionne les juges de Mask singer Chris Marques Non
77%
Sélectionne les gagnant de Danse avec les stars Iris Mittenaere Non
77%
Sélectionne les gagnant de Danse avec les stars Shy’m Oui
77%
Sélectionne les gagnant de Mask Singer Geremy Credeville Non
74%
Sélectionne les célébrité qui ont été jugé à The Voice(Kids) en France Florent Pagny Oui
73%
Sélectionne les célébrité qui ont été jugé à The Voice(Kids) en France Lara Fabian Oui
73%
Sélectionne les célébrité qui ont été jugé à The Voice(Kids) en France Zazie Oui
71%
Sélectionne les célébrité qui ont été jugé à The Voice(Kids) en France Julien Doré Oui
70%
Sélectionne les gagnant de Danse avec les stars Bilal Hassani Non
69%
Sélectionne les juges de danse avec les stars Denitsa Ikonomova Oui
69%
Sélectionne les gagnant de Mask Singer Keen’V Non
69%
Sélectionne les gagnant de Mask Singer Alizée Non
67%
Sélectionne les gagnant de Mask Singer Laurent Ournac Non
65%
Sélectionne les gagnant de Mask Singer Chimène Badi Non
63%
Sélectionne les gagnant de Danse avec les stars Augustin Galiana Oui
58%
Sélectionne les gagnant de Danse avec les stars Billy Crowford Oui
57%
Sélectionne les juges de danse avec les stars François Alu Oui
57%
Sélectionne les juges de Mask singer Elodie Frege Oui
49%
Sélectionne les gagnant de Mask Singer Denitsa Ikonomova Oui
44%
Sélectionne les gagnant de Mask Singer Larusso Oui
44%
Sélectionne les gagnant de Mask Singer Vincent Niclo Oui
41%
Sélectionne les juges de danse avec les stars Nicolas Archambault Oui
39%
Sélectionne les gagnant de Mask Singer Amaury Vassili Oui
32%
Aucun quiz correspondant
Distribution des résultats
% des personnes avec chaque résultat
Percentile par nombre de réponses
Votre historique - résultats
Vous n’avez pas pris ce quiz